LDR 00826naa#a2200169#i#450# 001 EN\FGKOU VO SPBU MVD ROSSII\bibl\120252 005 20260429041740.3 011 ## _a2713-0622 100 ## _a20260428b2026####ek#y0engy0150####ca 102 ## _aRU 200 1# _a"Deviance and destructiveness in the context of youth policy: problems, new challenges, and approaches to solutions": a review of the joint meeting of the scientific councils of the Russian Academy of Education _eJournal article 210 1# _aSt. Petersburg _cSAINT-PETERSBURG UNIVERSITY OF THE MINISTRY OF INTERNAL AFFAIRS OF THE RUSSIAN FEDERATION _d2026 215 ## _a9 с. 608 ## _aJournal article _2local 675 ## _aДевиантное поведение. Социальная патология. 316.624 _z 700 #1 _aZlokazov _gKirill Vital'evich 856 4# _avestnikspbmvd.ru _u